Statistics for Roller Coaster Manufacturers

Click here to take the quiz!

General Stats

  • This quiz has been taken 192 times
  • The average score is 12 of 25

Answer Stats

HintsAnswer% Correct
Kingda KaIntamin
99%
HyperB&M
95%
I-Box TrackRocky Mountain Construction
95%
SLCVekoma
94%
WoodenGreat Coasters International
92%
BankruptArrow Dynamics
87%
WoodenCustom Coasters International
74%
Spinning CoastersMack Rides
67%
Wild MouseZamperla
60%
Sky Rocket IIPremier Rides
58%
Longest CoasterMorgan
53%
WoodenThe Gravity Group
53%
JapanTogo
53%
FlywheelSchwarzkopf
47%
LoopsGerstlauer
45%
4D Free SpinS&S Sansei
33%
Flat RidesZierer
28%
ZyklonPinfari
26%
WoodenDinn Corporation
21%
TobogganChance Rides
20%
SkywarpSkyline Attractions
13%
Spinning CoastersSBF Visa
9%
HyperGiovanola
8%
Family CoastersE&f Miler
3%
Spinning MouseFabbri
2%

Score Distribution

Percentile by Number Answered

Percent of People with Each Score

Your Score History

You have not taken this quiz